| 000 | 00787pam a22002654a 4500 | ||
|---|---|---|---|
| 008 | |||
| 020 | _a0140513779 (pbk.) | ||
| 049 | _aMAIN | ||
| 090 | 0 | _aHF1001 DIC | |
| 245 | 0 | 0 |
_aDictionary of business / _cGraham Bannock ... [et al.]. |
| 260 |
_aPrinceton, N.J. : _bBloomberg Press, _cc2003. |
||
| 300 |
_avi, 393 p. : _bill. ; _c22 cm. |
||
| 440 | 4 | _aThe Economist series. | |
| 650 | 0 |
_aBusiness _vDictionaries. |
|
| 650 | 0 |
_aCommerce _vDictionaries. |
|
| 650 | 0 |
_aEnglish language _xBusiness English _vDictionaries. |
|
| 700 | 1 | _aDavis, Evan. | |
| 700 | _aUncles, Mark. | ||
| 700 | _aTrott, Paul. | ||
| 907 |
_a.b10218889 _b09-11-06 _c06-11-06 |
||
| 003 | |||
| 005 | 20230123134301.0 | ||
| 040 | _cNUST | ||
| 942 |
_cBOOKS _kHF1001 DIC |
||
| 999 |
_c163209 _d163209 |
||